| 000 | 00822cam a22002771 4500 | ||
|---|---|---|---|
| 999 |
_c7144 _d7144 |
||
| 001 | 7853636 | ||
| 003 | OSt | ||
| 005 | 20210907104614.0 | ||
| 008 | 730723s1941 enka 000 0 eng c | ||
| 010 | _aa 42003621 | ||
| 035 | _a(OCoLC)660870 | ||
| 040 |
_aHarvard Univ. Library _cDDC _dOCoLC _dDLC |
||
| 042 | _apremarc | ||
| 050 | 0 | 0 |
_aQD251 _b.W36 1941 |
| 082 | _a547.WAT1941 | ||
| 100 | 1 |
_aWatson, H. B. _q(Herbert Ben) _914710 |
|
| 245 | 1 | 0 |
_aModern theories of organic chemistry, _cEdited by Watson H.B. |
| 250 | _a2d ed. | ||
| 260 |
_aOxford, _bThe Clarendon Press, _c1941. |
||
| 300 |
_avii,267p _bdiagrams _c25 cm. |
||
| 500 | _a"First edition 1937. Reprinted 1940." | ||
| 504 | _aIncludes; index | ||
| 650 | 0 |
_aChemical _914712 |
|
| 906 |
_a7 _bcbc _coclcrpl _du _encip _f19 _gy-gencatlg |
||
| 942 |
_2ddc _cO_SHELF |
||